000 00654nam a22002297a 4500
999 _c13836
_d13836
003 MIRAKIL
005 20211214000618.0
008 200610b tu ||||| |||| 00| 0 tur d
020 _a9786059642576
040 _aTR-AnCHP
_cTR-AnCHP
041 _atur
082 _a320.9561
_bB55c 2020
100 _aBingöl, Tekin
245 1 0 _aCanları pahasına:
_bÖzgür bir ülke için /
_nTekin Bingöl.
246 _aÖzgür bir ülke için
250 _a3. bsk.
260 _aAnkara:
_bKarınca Ajans,
_c2020.
300 _a200 s.:
_bfotg.;
_c20 sm.
650 0 _aSiyaset ve yönetim
_xTürkiye
_99
740 _aÖzgür bir ülke için
942 _2ddc
_cBKS